Geography Quiz

Random Geography or State Quiz

US State by Outline & Flag II Quiz Stats

 Plays Quiz Updated Jul 9, 2016

Challenge
Share
Tweet
Score 0/25 Timer 06:00
13 Plays Today
% Correct
Texas
99.6%
Florida
98.2%
Alaska
97.8%
Tennessee
88.4%
New Mexico
86.9%
Louisiana
86.8%
Ohio
83.6%
Michigan
83.3%
Alabama
83.1%
Utah
82.8%
Idaho
82.2%
South Carolina
81%
Wisconsin
80.3%
% Correct
Mississippi
80%
Maine
79.9%
North Carolina
79.6%
Nebraska
78.3%
Minnesota
77.2%
West Virginia
75%
New Jersey
73.8%
Arkansas
69.7%
North Dakota
67.8%
Rhode Island
67.4%
Kansas
66.3%
Georgia
65.1%

You're not logged in!

Compare scores with friends on all Sporcle quizzes.
Join for Free
OR
Log In

You Might Also Like...

Show Comments

Extras

Top Quizzes Today


Score Distribution

Your Account Isn't Verified!

In order to create a playlist on Sporcle, you need to verify the email address you used during registration. Go to your Sporcle Settings to finish the process.

Report this User

Report this user for behavior that violates our Community Guidelines.

Details: